000 01249nam a2200337 c 4500
999 _c19282
_d19282
003 BLK
005 20241029135743.0
008 180413b bul|||||r ||||||| ||bul||
010 _aKNG00021395000
020 _a954-8555-56-5
040 _aBLK
041 _aBUL
_cBUL
080 _aШпионаж. Политическо влияние чрез тайни (разузнавателни) служби
_b327.84
_x(091)
_z327.84(091)
100 _aСтоянов, Желязко Димитров
_d1941 -
_gФилософ
_9377838
139 _aСтоянов, Желязко Димитров
_bС 83
245 1 0 _aИстория на шпионажа
_cЖелязко Димитров Стоянов.
257 _aBGR
260 _bАлбатрос
_c1998
_fСофия : Н. Здравков
300 _a264 с.
_c20 см
380 _a3
500 _aДеп. списък: 12 ; 1 000 тир
650 4 _aШпионаж и диверсия - история
_9263667
653 _aистория
852 _aЦб
856 4 _qpdf
_u
856 4 _qpdf
_u
942 _cKNG
_n0
_s1
_01
944 _aCR
_c15.01.2003
_k30560
_lГеновева Генчева
944 _aED
_c22.12.2016
_kСечил_Томаш
999 _d19282